000 00964nam a2200325Ia 4500
003 OSt
005 20220912151451.0
006 a|||||r|||| 00| 0
007 ta
008 220909b |||||||| |||| 00| 0 eng d
020 _a1566705789 (hbd)
024 _a10517
037 _bPanima,
037 _cTextual
040 _aCSL
_beng
_cCSL
041 _aeng
082 _aG:5:(F594), P2
100 _aPosthuma Leo Ed
245 0 _aSpecies sensitivity distributions in ecotoxicology
260 _aBoca
_bRaton Lewis Publishers
_c2002
300 _a587p
500 _aAppendix A-B, 509-526p; Bibliographical references 527-564p; Glossary 565-572p; Index 579-587p
650 _a Ecology
650 _a Toxicology
650 _aBiology
700 _a Suter Glenn W Ed
700 _a Traas Theo P Ed
942 _hG:5:(F594), P2
_cTEXL
_2CC
999 _c69188
_d69188